Výbor z listů Plinia mladšího. Část 1 + 2 /

Hlavní autor: Plinius, Mladší, asi 61-asi 112
Další autoři: Sedláček, Josef, 1866-1923
Jazyk: Čeština
Vydáno: Praha : Unie, 1921
Vydání: 2. vyd.
Edice: Klassikové antičtí s poznámkami
Fyzický popis: 125 s. : 2 tab. ; 8°
Knihy
Uloženo v:
LEADER 00962nam a22002652a 4500
001 000790359
003 CZ BrMZK
005 20230616093109.0
007 ta
008 050921s1921 xr er|||||||||||cze d
040 |a ABA001  |b cze  |c HKA001  |d ABA001 
041 1 |a cze  |h lat 
100 0 |a Plinius,  |c Mladší,  |d asi 61-asi 112  |7 jn19981001999  |4 aut 
245 1 0 |a Výbor z listů Plinia mladšího.  |n Část 1 + 2 /  |c pro gymnasia čes. vyd. a pozn. opatř. dr. Josef Sedláček 
250 |a 2. vyd. 
260 |a Praha :  |b Unie,  |c 1921 
300 |a 125 s. :  |b 2 tab. ;  |c 8° 
490 1 |a Klassikové antičtí s poznámkami 
500 |a S plánem villy Laurentské a mapkou okolí Vesuvu 
700 1 |a Sedláček, Josef,  |d 1866-1923  |7 jk01110503  |4 com 
830 0 |a Klassikové antičtí s poznámkami  |0 s 
910 |a BOA001  |b PK-II-0007.981 
990 |a BK 
993 |a Y 
996 7 |b 3119667577  |c PK-II-0007.981  |l MZK  |r Sklad / do 1 hodiny  |n 7  |w 000790359  |u 000010  |a 1  |e BOA001  |j MZK50  |s A